Z prac katedry badan operacyjnych

Saved in:
Bibliographic Details
Other Authors: Sikora, Wojciech
Format: Book
Language:Polish
English
Published: Poznań Wydawnictwo Uniwersytetu Ekonomicznego w Poznaniu 2010
Series:Zeszyty naukowe 138
Subjects:
Tags: Add Tag
No Tags, Be the first to tag this record!

MARC

LEADER 00000nam$a2200000$$$4500
001 0124026
005 20230120073548.3
020 |a 978-83-7417-478-7 
022 |a 1689-7374 
041 0 |a pol 
041 0 |a eng 
044 |a PL 
245 1 0 |a Z prac katedry badan operacyjnych  |c redaktor naukowy Wojciech Sikora 
264 1 |a Poznań  |b Wydawnictwo Uniwersytetu Ekonomicznego w Poznaniu  |c 2010 
300 |a 106 s. 
490 1 |a Zeszyty naukowe  |v 138 
830 0 |a Zeszyty naukowe  |v 138 
610 2 0 |a trh finančný 
610 2 0 |a kríza finančná 
610 2 0 |a investovanie 
610 2 0 |a Poľsko 
700 1 |a Sikora, Wojciech